000
00314nam a22001337a 4500
008
170203b xxu||||| |||| 00| 0 eng d
020
_a
9781842142738
041
_a
eng
080
_2
2ND
_a
61
100
_a
3
101
_a
SHM
245
_a
ATLAS OF MIGRAINE AND OTHER HEADACHES
_c
SILBERSTEIN, S.D
942
_2
udc
_c
BK
999
_c
4395
_d
4395